| 000 | 00380nam a22001697a 4500 | ||
|---|---|---|---|
| 005 | 20160618110034.0 | ||
| 008 | 160618b xxu||||| |||| 00| 0 eng d | ||
| 020 | _a81-85989-36-2 | ||
| 041 | _aeng | ||
| 082 | _b8089 | ||
| 100 |
_aSinha, K.K. _9450 |
||
| 245 | _aBusiness Communication | ||
| 260 |
_bGodgatye _c2003 |
||
| 300 | _a647 | ||
| 650 |
_aManagement _9241 |
||
| 942 | _cBK | ||
| 999 |
_c3055 _d3054 |
||